Essentials of psychology : (Record no. 5097)

MARC details
000 -LEADER
fixed length control field 00672nam a22002057a 4500
003 - CONTROL NUMBER IDENTIFIER
control field OSt
005 - DATE AND TIME OF LATEST TRANSACTION
control field 20251024051957.0
008 - FIXED-LENGTH DATA ELEMENTS--GENERAL INFORMATION
fixed length control field 251024b |||||||| |||| 00| 0 eng d
020 ## - INTERNATIONAL STANDARD BOOK NUMBER
International Standard Book Number 978-1-111-30547-5
040 ## - CATALOGING SOURCE
Original cataloging agency DWC-Main Lib.
Transcribing agency OC
082 ## - DEWEY DECIMAL CLASSIFICATION NUMBER
Classification number Circ. 150 N521e 2012
100 ## - MAIN ENTRY--PERSONAL NAME
Personal name NEVID, JEFFRE S.
245 ## - TITLE STATEMENT
Title Essentials of psychology :
Remainder of title concepts and applications/
Statement of responsibility, etc. JEFFRE S. NEVID
260 ## - PUBLICATION, DISTRIBUTION, ETC.
Place of publication, distribution, etc. United States : Wadsworth,
Name of publisher, distributor, etc. Cengage Learning,
Date of publication, distribution, etc. c2012.
300 ## - PHYSICAL DESCRIPTION
Extent xxxv, 521 pages :
Other physical details color illustrations ;
Dimensions 28 cm.
504 ## - BIBLIOGRAPHY, ETC. NOTE
Bibliography, etc. note Index: pp. I1-I25
650 ## - SUBJECT ADDED ENTRY--TOPICAL TERM
Topical term or geographic name entry element 1. Psychology.
760 ## - MAIN SERIES ENTRY
Edition Third Edition
942 ## - ADDED ENTRY ELEMENTS (KOHA)
Source of classification or shelving scheme Dewey Decimal Classification
Koha item type Book Circulation
Edition Third Edition
Classification part Circ.
Suppress in OPAC No
952 ## - LOCATION AND ITEM INFORMATION (KOHA)
--
Holdings
Withdrawn status Lost status Source of classification or shelving scheme Damaged status Not for loan Home library Current library Shelving location Date acquired Source of acquisition Total Checkouts Full call number Barcode Date last seen Copy number Price effective from Koha item type Uniform Resource Identifier
    Dewey Decimal Classification     College Library College Library Circulation 07/28/2014 School Fund   Circ. 150 N521e 2012 CL50871 10/24/2025 c1 10/24/2025 BK-CIRC